[Event "HUN-chT U18"]
[Site "Budapest"]
[Date "2019.10.27"]
[Round "2.6"]
[White "Horvath, Andras2222"]
[Black "Farkas, Virag"]
[Result "0-1"]
[WhiteElo "1126"]
[BlackElo "1506"]
[PlyCount "94"]
[EventDate "2019.10.26"]
[EventType "team-swiss"]
[EventRounds "7"]
[EventCountry "HUN"]
[SourceTitle "CBM 192 Extra"]
[Source "Chessbase"]
[SourceDate "2019.11.06"]
[SourceVersion "1"]
[SourceVersionDate "2019.11.06"]
[SourceQuality "1"]
[WhiteTeam "Budapest MTK II"]
[BlackTeam "Meritum Egyesuelet"]
[WhiteTeamCountry "HUN"]
[BlackTeamCountry "HUN"]

1. e4 c5 2. d4 e6 3. Nf3 d5 4. e5 Be7 5. Nc3 Nc6 6. Bb5 Bd7 7. 0-0 cxd4 8. Nxd4 Nxe5 9. Bf4 Nc6 10. Nb3 a6 11. Bxc6 Bxc6 12. Nd4 Bf6 13. Nxc6 bxc6 14. Qd2 Ne7 15. Rfe1 0-0 16. Rad1 Ng6 17. Qd3 Nxf4 18. Qe3 Ng6 19. Qc5 Qc7 20. Ne2 Rfb8 21. b3 e5 22. Ng3 Rb5 23. Qe3 e4 24. Re2 Be5 25. Rde1 Rf8 26. a4 Rbb8 27. Qc5 f5 28. Rd1 Qd7 29. Red2 f4 30. Nf1 f3 31. g3 Bc7 32. Re1 Bb6 33. Qc3 Rbd8 34. Rxe4 Qh3 35. Ne3 dxe4 36. Qc4+ Kh8 37. Rxd8 Rxd8 38. Qf1 Qxf1+ 39. Kxf1 Bxe3 40. fxe3 Rf8 41. Kf2 Ne5 42. h3 Rd8 43. Ke1 g5 44. g4 h5 45. gxh5 g4 46. hxg4 Nxg4 47. Kf1 Rd1# 0-1

[Event "HUN-chT U10"]
[Site "Budapest"]
[Date "2015.08.28"]
[Round "5.10"]
[White "Farkas, Virag"]
[Black "Fule, Simon"]
[Result "1/2-1/2"]
[WhiteElo "1405"]
[BlackElo "1426"]
[PlyCount "96"]
[EventDate "2015.08.26"]
[EventType "team-swiss"]
[EventRounds "8"]
[EventCountry "HUN"]
[SourceTitle "EXT 2016"]
[Source "ChessBase"]
[SourceDate "2015.10.08"]
[SourceVersion "1"]
[SourceVersionDate "2015.10.08"]
[SourceQuality "1"]

1. d4 Nf6 2. e3 g6 3. Bd3 Bg7 4. Nf3 d6 5. Nbd2 0-0 6. 0-0 Re8 7. e4 e5 8. c3 Nbd7 9. Nc4 exd4 10. Nxd4 Nxe4 11. Re1 Ndc5 12. Bxe4 Nxe4 13. f3 Nc5 14. Nb5 Rxe1+ 15. Qxe1 Bd7 16. Nd4 b5 17. Ne3 Qe7 18. Qg3 Re8 19. Bd2 Qe5 20. f4 Qe7 21. Re1 Qd8 22. Nd5 Ne4 23. Qd3 Nxd2 24. Qxd2 c6 25. Ne3 c5 26. Nf3 Bc6 27. Ng5 h6 28. Nf3 Re4 29. Qf2 Rxf4 30. a3 Bxf3 31. gxf3 Qg5+ 32. Ng2 Rf6 33. Re7 Qc1+ 34. Re1 Qg5 35. Re7 Re6 36. Rxe6 fxe6 37. Qe2 Qd5 38. Nf4 Qe5 39. Qxe5 Bxe5 40. Nxe6 a5 41. Nc7 b4 42. axb4 axb4 43. cxb4 cxb4 44. b3 Kf7 45. h3 Ke7 46. Kf2 Kd7 47. Nd5 Bc3 48. Ke2 g5 1/2-1/2